| 000 | 00969nam a2200313Mi 4500 | ||
|---|---|---|---|
| 001 | ocn982100552 | ||
| 005 | 20180312112601.0 | ||
| 007 | ta | ||
| 008 | 170306s2015 xr e p 000 0 eng d | ||
| 015 | _acnb002884021 | ||
| 020 | _a9788074901430 | ||
| 020 | _z8074901432 | ||
| 035 | _a(OCoLC)982100552 | ||
| 040 |
_aCo-BoUCM _espa _cSaul Niño _dSaul Niño |
||
| 041 | 0 |
_aeng _acze |
|
| 100 | 1 |
_aBaumruková, Irena _d1951- _990190 |
|
| 245 | 1 | 0 |
_aEnglish in urgent care medicine _cIrena Baumruková |
| 246 | 3 | 1 | _aAngličtina v urgentní medicíně |
| 260 |
_a[London] _bXlibris _c2015 |
||
| 300 | _a944 páginas | ||
| 546 | _aTexto en inglés | ||
| 650 | 7 |
_aMedicina de urgencias _919142 |
|
| 650 | 7 |
_aMedicina de emergencias _919141 |
|
| 650 | 7 |
_aInglés _97745 |
|
| 650 | 7 |
_aTextos de estudio _98156 |
|
| 650 | 7 |
_aTerminología _925405 _xMedicina |
|
| 942 |
_2DEWEY _a15 _cLIBRORESER _e1 _h616.025 _mB348e _n0 |
||
| 999 |
_c308576 _d308576 |
||